000 00982cam a2200217 4500
001 WB3705-33
008 000000n2001 000 0 eng u
035 _a(Sirsi) u110734
245 _aValuation Office launches ratepayer forum
260 _c2001
490 _aValuation Office Agency Press Release
_v(319) 22 January 2001, (1)
520 _aIn an attempt to enable ratepayers to take a more active role in the process by which their properties are valued for business rates, the Valuation Office Agency (VOA) has announced the formation of the National Ratepayers' Valuation Forum. This will provide direct communication between the VOA and ratepayers. The Forum will be composed of representatives of trade associations and ratepayer organisations.
590 _aWB
650 _aVALUATION OFFICE AGENCY
650 _aRATEPAYERS
650 _aRATING
650 _aBUSINESS RATES
650 _aValuation
_96273
690 _aRATING AND LOCAL TAXATION
942 _n0
999 _c66000
_d66000